ロード中...

Thar sampathak ke kavya Sidhanth

書誌詳細
第一著者: Bodhisatv
出版事項: Rajakamal Prakashan
LEADER 00203 a2200097 4500
020
260 |b Rajakamal Prakashan 
942 |c BK  |6 _ 
245 |a Thar sampathak ke kavya Sidhanth 
100 |a Bodhisatv 
999 |c 63239  |d 63239